[Event "Baleares-chT"]
[Site "Palma de Mallorca"]
[Date "2022.02.12"]
[Round "4.2"]
[White "Sig Vargas, Marcos"]
[Black "Calzetta Ruiz, Monica"]
[Result "0-1"]
[WhiteElo "2138"]
[BlackElo "2197"]
[PlyCount "96"]
[EventDate "2022.01.22"]
[EventType "team-tourn"]
[EventRounds "7"]
[EventCountry "ESP"]
[SourceTitle "EXT 2023"]
[Source "ChessBase"]
[SourceDate "2022.10.05"]
[SourceVersion "1"]
[SourceVersionDate "2022.10.05"]
[SourceQuality "1"]
[WhiteTeam "Puig den Valls"]
[BlackTeam "Mallorca Isolani"]
[WhiteTeamCountry "ESP"]
[BlackTeamCountry "ESP"]

1. e4 c5 2. Nc3 Nc6 3. f4 g6 4. Nf3 Bg7 5. Bb5 Nd4 6. 0-0 Nxb5 7. Nxb5 d5 8. d3 a6 9. Na3 dxe4 10. dxe4 Qxd1 11. Rxd1 b5 12. c4 b4 13. Nc2 Bb7 14. e5 f6 15. Nce1 Nh6 16. Be3 Rc8 17. Nd3 Bxf3 18. gxf3 Nf5 19. Bxc5 fxe5 20. Rac1 exf4 21. Bxb4 Bd4+ 22. Kh1 Be3 23. Rc3 0-0 24. Ne1 Bd4 25. Rc2 Rfd8 26. Ng2 e5 27. b3 g5 28. Re1 Kf7 29. Bc3 Kf6 30. Bxd4 Nxd4 31. Rc3 h5 32. h3 Nf5 33. Rc2 Rd3 34. Rf2 Rcd8 35. Kg1 Nd4 36. Ref1 Rc3 37. Ne1 Nf5 38. Nc2 a5 39. Na3 Ng3 40. Nb5 Re3 41. Ra1 Rdd3 42. Kg2 e4 43. c5 exf3+ 44. Kh2 Ne4 45. Rc2 Re2+ 46. Rxe2 fxe2 47. c6 Rd1 48. c7 e1Q 0-1

[Event "Aragon-chT Preferente"]
[Site "Spain"]
[Date "2010.01.30"]
[Round "2.17"]
[White "Sig Vargas, Marcos"]
[Black "Malo Guillen, Jose Luis"]
[Result "0-1"]
[WhiteElo "2108"]
[BlackElo "2162"]
[PlyCount "50"]
[EventDate "2010.01.23"]
[EventType "team-swiss"]
[EventRounds "12"]
[EventCountry "ESP"]
[SourceTitle "EXT 2013"]
[Source "ChessBase"]
[SourceDate "2012.11.22"]
[SourceVersion "1"]
[SourceVersionDate "2012.11.22"]
[SourceQuality "1"]
[WhiteTeam "Barbastro"]
[BlackTeam "Las Fuentes"]
[WhiteTeamCountry "ESP"]
[BlackTeamCountry "ESP"]

1. e4 d6 2. Nc3 g6 3. f4 Bg7 4. Nf3 a6 5. a4 c5 6. Bc4 Nc6 7. 0-0 e6 8. d3 Nge7 9. Qe1 Nd4 10. f5 gxf5 11. Nxd4 cxd4 12. exf5 dxc3 13. f6 Bxf6 14. Rxf6 cxb2 15. Bxb2 Qb6+ 16. Qf2 Qxb2 17. Rf1 d5 18. Rxf7 dxc4 19. Qc5 Ng6 20. Qd6 cxd3 21. cxd3 Qa2 22. Qd4 e5 23. Qd6 Qe6 24. Qc7 Rf8 25. R1f6 Rxf7 0-1

[Event "Aragon-chT"]
[Site "Aragon"]
[Date "2009.03.21"]
[Round "8"]
[White "Sig Vargas, Marcos"]
[Black "Horton, Justin"]
[Result "1/2-1/2"]
[WhiteElo "2117"]
[BlackElo "2137"]
[PlyCount "89"]
[EventDate "2009.01.24"]
[EventType "team-swiss"]
[EventRounds "9"]
[EventCountry "ESP"]
[SourceTitle "EXT 2011"]
[Source "ChessBase"]
[SourceDate "2010.11.26"]
[SourceVersion "1"]
[SourceVersionDate "2010.11.26"]
[SourceQuality "1"]

1. e4 e5 2. Bc4 Nf6 3. d3 Nc6 4. Nc3 Na5 5. Nge2 Bc5 6. Ng3 c6 7. a3 Nxc4 8. dxc4 d6 9. Na4 Bb6 10. Nxb6 axb6 11. 0-0 0-0 12. Qd3 Be6 13. f4 b5 14. cxb5 cxb5 15. Qxb5 Qc7 16. fxe5 dxe5 17. b3 Qxc2 18. Qxe5 Ng4 19. Qf4 Qxb3 20. h3 Nf6 21. Be3 Rxa3 22. Rxa3 Qxa3 23. Bd4 Rc8 24. Kh2 Ne8 25. Nf5 Bxf5 26. exf5 Qd6 27. Be5 Qd5 28. f6 Rc4 29. Qg3 g6 30. Bb2 Rc2 31. Re1 Qd7 32. Qb3 Rxb2 33. Qxb2 Qd6+ 34. Qe5 Qxe5+ 35. Rxe5 Nxf6 36. Rb5 Kg7 37. Rxb7 h5 38. Kg3 Nd5 39. Rd7 Ne3 40. Kf3 Nf5 41. Kf4 Kf6 42. Ra7 Nd4 43. Ke4 Ne6 44. Ra6 Kg5 45. Kf3 1/2-1/2

[Event "Aragon-chT"]
[Site "Aragon"]
[Date "2009.02.28"]
[Round "5"]
[White "Sig Vargas, Marcos"]
[Black "Valles Mata, David"]
[Result "1/2-1/2"]
[WhiteElo "2117"]
[BlackElo "2147"]
[PlyCount "87"]
[EventDate "2009.01.24"]
[EventType "team-swiss"]
[EventRounds "9"]
[EventCountry "ESP"]
[SourceTitle "EXT 2011"]
[Source "ChessBase"]
[SourceDate "2010.11.26"]
[SourceVersion "1"]
[SourceVersionDate "2010.11.26"]
[SourceQuality "1"]

1. e4 d5 2. exd5 Nf6 3. d4 Bg4 4. f3 Bf5 5. Bb5+ Nbd7 6. c4 a6 7. Bxd7+ Qxd7 8. Nc3 e6 9. dxe6 Qxe6+ 10. Qe2 0-0-0 11. Qxe6+ Bxe6 12. d5 Bf5 13. Be3 Bb4 14. Nge2 Rhe8 15. Kf2 Bd3 16. b3 b5 17. cxb5 axb5 18. Rhd1 Bxe2 19. Nxe2 Rxd5 20. Rxd5 Nxd5 21. Bd4 f6 22. Rc1 Kb7 23. Bc5 Bxc5+ 24. Rxc5 c6 25. Rc2 Kb6 26. Nc3 Nxc3 27. Rxc3 c5 28. a4 bxa4 29. bxa4 Ra8 30. Rc4 Rc8 31. Ke3 g6 32. Ke4 Rd8 33. g4 Rd1 34. h4 Kc6 35. h5 gxh5 36. gxh5 Rd5 37. h6 Rh5 38. Kd3 Rxh6 39. Rf4 Kb6 40. Kc4 Rg6 41. Rf5 Ka5 42. Rxc5+ Kxa4 43. Rc7 Ka5 44. Rxh7 1/2-1/2

[Event "Aragon-chT"]
[Site "Aragon"]
[Date "2008.03.01"]
[Round "5"]
[White "Glavina, Pablo"]
[Black "Sig Vargas, Marcos"]
[Result "1-0"]
[WhiteElo "2459"]
[BlackElo "2101"]
[PlyCount "55"]
[EventDate "2008.02.02"]
[EventType "team-swiss"]
[EventRounds "12"]
[EventCountry "ESP"]
[SourceTitle "EXT 2011"]
[Source "ChessBase"]
[SourceDate "2010.11.26"]
[SourceVersion "1"]
[SourceVersionDate "2010.11.26"]
[SourceQuality "1"]

1. d4 f5 2. g3 Nf6 3. Bg2 g6 4. c4 Bg7 5. Nh3 c6 6. d5 Qb6 7. 0-0 0-0 8. Qc2 Na6 9. Be3 c5 10. Nc3 e5 11. dxe6 dxe6 12. Rad1 Bd7 13. Bf4 Bc6 14. Na4 Qa5 15. Bxc6 bxc6 16. Be5 Rfe8 17. b3 h6 18. Qb2 Kf7 19. Rd6 Rac8 20. Nf4 g5 21. Nd3 Ke7 22. Rd1 Red8 23. Qa1 Rxd6 24. Bxd6+ Kxd6 25. Ndxc5+ Ke7 26. Rd7+ Nxd7 27. Qxg7+ Kd6 28. Qxd7+ 1-0

[Event "ESP-ch U16"]
[Site "Mondariz"]
[Date "2004.07.14"]
[Round "5"]
[White "Sig Vargas, Marcos"]
[Black "Cabrera Trujillo, Jorge Juan"]
[Result "0-1"]
[WhiteElo "2167"]
[BlackElo "2001"]
[PlyCount "76"]
[EventDate "2004.07.11"]
[EventType "swiss"]
[EventRounds "9"]
[EventCountry "ESP"]
[SourceTitle "EXT 2005"]
[Source "ChessBase"]
[SourceDate "2004.11.15"]
[SourceVersion "1"]
[SourceVersionDate "2004.11.15"]
[SourceQuality "1"]

1. e4 c5 2. Nc3 e6 3. f4 d5 4. Bb5+ Nc6 5. Nf3 Nge7 6. Ne5 a6 7. Bxc6+ Nxc6 8. Nxc6 bxc6 9. d3 Be7 10. 0-0 0-0 11. b3 dxe4 12. dxe4 Qd4+ 13. Qxd4 cxd4 14. Na4 Bb7 15. e5 c5 16. Ba3 Rac8 17. Kf2 Bc6 18. Nb6 Rc7 19. Rac1 Rd8 20. Rfd1 Rb7 21. Nc4 Bd5 22. Nb2 f6 23. exf6 gxf6 24. Nd3 Rc7 25. c3 c4 26. Bxe7 Rxe7 27. Nc5 cxb3 28. axb3 dxc3 29. Rxc3 Rc8 30. Rd2 Rg7 31. Kf1 Rgc7 32. Rg3+ Kf7 33. Nxa6 Rb7 34. Rdd3 Rb6 35. Rh3 Rxa6 36. Rxh7+ Kg6 37. Re7 Rc2 38. Rd1 Raa2 0-1

[Event "Aragon-chT"]
[Site "Spain"]
[Date "2004.03.20"]
[Round "8.3"]
[White "Sig Vargas, Marcos"]
[Black "Hernando Garcia, Antonio"]
[Result "0-1"]
[WhiteElo "2112"]
[BlackElo "2183"]
[PlyCount "86"]
[EventDate "2004.01.??"]
[EventType "team"]
[EventRounds "11"]
[EventCountry "ESP"]
[SourceTitle "EXT 2006"]
[Source "ChessBase"]
[SourceDate "2005.11.24"]
[SourceVersion "1"]
[SourceVersionDate "2005.11.24"]
[SourceQuality "1"]

1. d4 d5 2. Nc3 Bf5 3. e4 dxe4 4. f3 Nf6 5. g4 Bg6 6. g5 Nd5 7. Nxe4 e6 8. c4 Nb6 9. Be3 Nc6 10. a3 Qd7 11. Nc5 Bxc5 12. dxc5 Qxd1+ 13. Rxd1 Nd7 14. b4 Ne7 15. Be2 0-0-0 16. Nh3 Ne5 17. 0-0 Bd3 18. Bxd3 Nxd3 19. Nf4 Nxf4 20. Bxf4 Rxd1 21. Rxd1 Rd8 22. Rxd8+ Kxd8 23. Kf2 Nf5 24. Be3 Nxe3 25. Kxe3 f6 26. f4 Ke7 27. Ke4 Kf7 28. b5 c6 29. a4 Kg6 30. a5 a6 31. gxf6 gxf6 32. f5+ Kf7 33. Kf4 e5+ 34. Kg4 Kg7 35. Kh5 e4 36. Kg4 Kh6 37. Kf4 Kh5 38. Kxe4 Kg4 39. b6 Kh3 40. Kf3 h5 41. Ke3 Kxh2 42. Kf2 h4 43. Kf3 Kh3 0-1

[Event "Aragon-chT"]
[Site "Spain"]
[Date "2004.03.13"]
[Round "7"]
[White "Sig Vargas, Marcos"]
[Black "Fernando Gros, Jorge Luis"]
[Result "1-0"]
[WhiteElo "2112"]
[BlackElo "2086"]
[PlyCount "81"]
[EventDate "2004.01.??"]
[EventType "team"]
[EventRounds "11"]
[EventCountry "ESP"]
[SourceTitle "EXT 2006"]
[Source "ChessBase"]
[SourceDate "2005.11.24"]
[SourceVersion "1"]
[SourceVersionDate "2005.11.24"]
[SourceQuality "1"]

1. e4 c5 2. Nf3 Nc6 3. d4 cxd4 4. Nxd4 Nf6 5. Nc3 d6 6. Bg5 e6 7. Qd2 Be7 8. 0-0-0 0-0 9. Ndb5 Qa5 10. h4 a6 11. Nd4 Nxd4 12. Qxd4 b5 13. Kb1 b4 14. Ne2 e5 15. Qe3 Be6 16. Nc1 Qc7 17. f3 Rfc8 18. Bd3 d5 19. Bxf6 Bxf6 20. exd5 Bxd5 21. Bf5 Be6 22. Be4 Ra7 23. g4 a5 24. Qd3 a4 25. Bxh7+ Kh8 26. g5 Be7 27. Be4 b3 28. cxb3 axb3 29. Nxb3 Bxb3 30. Qxb3 Rb8 31. Qc2 Qb6 32. g6 Rc7 33. Qe2 Ba3 34. Rd2 Qa5 35. h5 Ra7 36. Bd5 Bf8 37. h6 f6 38. hxg7+ Kxg7 39. Rh7+ Kxg6 40. Qg2+ Kxh7 41. Qg8+ 1-0

[Event "Narciso Yepes Memorial"]
[Site "Lorca"]
[Date "2004.??.??"]
[Round "2"]
[White "Korneev, Oleg"]
[Black "Sig Vargas, Marcos"]
[Result "1-0"]
[WhiteElo "2573"]
[BlackElo "2166"]
[PlyCount "53"]
[EventDate "2004.06.26"]
[EventType "swiss"]
[EventRounds "9"]
[EventCountry "ESP"]
[SourceTitle "EXT 2005"]
[Source "ChessBase"]
[SourceDate "2004.11.15"]
[SourceVersion "1"]
[SourceVersionDate "2004.11.15"]
[SourceQuality "1"]

1. e4 c5 2. Nf3 Nc6 3. d4 cxd4 4. Nxd4 Nf6 5. Nc3 e5 6. Ndb5 d6 7. Bg5 a6 8. Na3 b5 9. Nd5 Qa5+ 10. Bd2 Qd8 11. c4 bxc4 12. Nxf6+ Qxf6 13. Bxc4 Rb8 14. Bb3 Bd7 15. Rc1 Be7 16. Ba4 Rc8 17. Nc4 Bd8 18. Be3 Bc7 19. Bb6 Bb8 20. Na5 Qg6 21. 0-0 Qxe4 22. Rc4 Nd4 23. Rxc8+ Ke7 24. Bxd7 Rxc8 25. Bxc8 Ne2+ 26. Kh1 Nf4 27. Qf3 1-0

[Event "Altoaragones Masters 3rd"]
[Site "Spain"]
[Date "2003.12.21"]
[Round "?"]
[White "Fontana Sotomayour, Luis Javier"]
[Black "Sig Vargas, Marcos"]
[Result "1-0"]
[WhiteElo "2323"]
[BlackElo "2163"]
[PlyCount "69"]
[EventDate "2003.12.??"]
[EventType "swiss"]
[EventRounds "6"]
[EventCountry "ESP"]
[SourceTitle "EXT 2005"]
[Source "ChessBase"]
[SourceDate "2004.11.15"]
[SourceVersion "1"]
[SourceVersionDate "2004.11.15"]
[SourceQuality "1"]

1. Nc3 Nf6 2. e4 e5 3. Bc4 Nxe4 4. Qh5 Nd6 5. Bb3 Nc6 6. Nb5 g6 7. Qf3 f5 8. Qd5 Qe7 9. Nxc7+ Kd8 10. Nxa8 b6 11. d3 Bb7 12. h4 f4 13. Qf3 h5 14. Bd2 Nd4 15. Qh3 Bxa8 16. 0-0-0 N6f5 17. c3 Nxb3+ 18. axb3 Bg7 19. Nf3 Bf6 20. Rhe1 Qc5 21. d4 exd4 22. Bxf4 dxc3 23. Bg5 cxb2+ 24. Kb1 Rf8 25. Ne5 Bxg5 26. hxg5 d6 27. Nc4 Kc7 28. Nxb2 Qxf2 29. Rc1+ Kd7 30. g4 Qg3 31. Qf1 Qxg4 32. Qb5+ Kd8 33. Qa6 Be4+ 34. Ka2 Kd7 35. Qa4+ 1-0

[Event "Aragon-chT"]
[Site "Aragon"]
[Date "2003.02.15"]
[Round "4"]
[White "Llorente Zaro, Alfonso"]
[Black "Sig Vargas, Marcos"]
[Result "1/2-1/2"]
[WhiteElo "2210"]
[BlackElo "2166"]
[PlyCount "68"]
[EventDate "2003.02.??"]
[EventType "team"]
[EventRounds "9"]
[EventCountry "ESP"]
[SourceTitle "EXT 2004"]
[Source "ChessBase"]
[SourceDate "2003.11.25"]
[SourceVersion "1"]
[SourceVersionDate "2003.11.25"]
[SourceQuality "1"]

1. e4 e5 2. Nf3 Nc6 3. d4 exd4 4. Nxd4 Nf6 5. Nc3 Bb4 6. Nxc6 bxc6 7. Bd3 d5 8. exd5 cxd5 9. 0-0 0-0 10. Bg5 c6 11. Qf3 Be7 12. h3 Be6 13. Ne2 Nd7 14. Bxe7 Qxe7 15. c3 Qg5 16. Qf4 Qxf4 17. Nxf4 Rab8 18. b3 g5 19. Ne2 c5 20. f4 f6 21. Bc2 Rbe8 22. Rae1 Nb6 23. Ng3 Bd7 24. Rxe8 Rxe8 25. Nh5 Re6 26. fxg5 fxg5 27. Nf6+ Kg7 28. Nxh7 Re2 29. Bb1 d4 30. cxd4 Bc6 31. Rf2 Re1+ 32. Rf1 Re2 33. Rf2 Re1+ 34. Rf1 Re2 1/2-1/2

[Event "Pamplona op"]
[Site "Pamplona"]
[Date "2002.12.27"]
[Round "8"]
[White "Sig Vargas, Marcos"]
[Black "Vehi Bach, Victor Manuel"]
[Result "0-1"]
[WhiteElo "2183"]
[BlackElo "2404"]
[PlyCount "154"]
[EventDate "2002.12.21"]
[EventType "swiss"]
[EventRounds "9"]
[EventCountry "ESP"]
[SourceTitle "CBM 091 Extra"]
[Source "ChessBase"]
[SourceDate "2003.01.09"]
[SourceVersion "1"]
[SourceVersionDate "2003.01.09"]
[SourceQuality "1"]

1. e4 c5 2. Nf3 e6 3. d4 cxd4 4. Nxd4 a6 5. c4 Nf6 6. Nc3 Qc7 7. a3 b6 8. Be3 d6 9. Be2 Bb7 10. f3 Nbd7 11. 0-0 Be7 12. b4 0-0 13. Rc1 Rac8 14. Qd2 Rfe8 15. Kh1 Qb8 16. Bg1 Bd8 17. Nc2 Ne5 18. Ne3 Ng6 19. Rfd1 Bc7 20. Bd3 Qa8 21. Bc2 Bc6 22. a4 Bb7 23. Rb1 h6 24. Bb3 Ne5 25. Nf1 a5 26. Nb5 Nxf3 27. Nxc7 Rxc7 28. gxf3 Nxe4 29. Qe3 Ng5 30. Kg2 Bxf3+ 31. Kf2 Bxd1 32. Rxd1 axb4 33. Nd2 Qa5 34. Ke2 Rc5 35. Kd3 d5 36. Kc2 Rec8 37. Qd3 R5c7 38. Kb2 Ne4 39. cxd5 Nc3 40. Ra1 exd5 41. Bd4 b5 42. Qg3 f6 43. axb5 Qxb5 44. Qf3 Qe2 45. Qxe2 Nxe2 46. Bb6 Rd7 47. Rf1 Rd6 48. Ba5 Nd4 49. Bxb4 Nxb3 50. Kxb3 Rb6 51. Rf4 Re8 52. Kc3 Re3+ 53. Kc2 Re2 54. h3 Kf7 55. Kd3 Rh2 56. h4 Rh3+ 57. Ke2 Ra6 58. Rd4 Ra4 59. Nf3 g5 60. Kf2 Ra2+ 61. Bd2 g4 62. Rxg4 Rxf3+ 63. Kxf3 Rxd2 64. Ke3 Rh2 65. Ra4 Ke6 66. Kf3 Kf5 67. Ra5 Rh3+ 68. Kf2 Ke5 69. Ra4 h5 70. Kg2 Rc3 71. Ra1 Re3 72. Kf2 Re4 73. Rh1 d4 74. Rh3 f5 75. Kf1 Re3 76. Rh2 Kf4 77. Kf2 Ra3 0-1

[Event "Pamplona op"]
[Site "Pamplona"]
[Date "2002.12.23"]
[Round "4"]
[White "Sig Vargas, Marcos"]
[Black "Glavina, Pablo"]
[Result "1/2-1/2"]
[WhiteElo "2183"]
[BlackElo "2417"]
[PlyCount "96"]
[EventDate "2002.12.21"]
[EventType "swiss"]
[EventRounds "9"]
[EventCountry "ESP"]
[SourceTitle "CBM 091 Extra"]
[Source "ChessBase"]
[SourceDate "2003.01.09"]
[SourceVersion "1"]
[SourceVersionDate "2003.01.09"]
[SourceQuality "1"]

1. e4 c5 2. Nc3 a6 3. Nf3 d6 4. d4 cxd4 5. Nxd4 Nf6 6. Be3 e5 7. Nb3 Be7 8. f3 Be6 9. Qd2 Nc6 10. g4 d5 11. g5 d4 12. gxf6 Bxf6 13. Bf2 dxc3 14. Qxc3 Rc8 15. Nc5 Nd4 16. Bxd4 exd4 17. Qb4 Be7 18. Qa4+ b5 19. Nxe6 bxa4 20. Nxd8 Rxc2 21. Kd1 Rc7 22. Nxf7 Kxf7 23. Bxa6 Ra8 24. Bd3 Bg5 25. Ke2 Rb8 26. Rab1 Kf6 27. Rhg1 Be3 28. Rg2 g5 29. Kd1 a3 30. Rc2 Rxc2 31. Kxc2 axb2 32. Rxb2 Rc8+ 33. Kd1 Rc1+ 34. Ke2 Rh1 35. Rb6+ Ke5 36. Rh6 Rg1 37. Bc4 Rg2+ 38. Ke1 Rg1+ 39. Ke2 Rg2+ 40. Ke1 d3 41. Bxd3 Rxa2 42. Re6+ Kd4 43. Rd6+ Kc3 44. Bb1 Bf2+ 45. Kf1 Rb2 46. Rc6+ Kd4 47. Rc2 Rxc2 48. Bxc2 Be3 1/2-1/2

[Event "EU-ch U14"]
[Site "Peniscola"]
[Date "2002.10.07"]
[Round "8"]
[White "Sig Vargas, Marcos"]
[Black "Aloma Vidal, Roberto"]
[Result "0-1"]
[WhiteElo "2231"]
[BlackElo "2175"]
[PlyCount "80"]
[EventDate "2002.09.29"]
[EventType "swiss"]
[EventRounds "9"]
[EventCountry "ESP"]
[SourceTitle "CBM 090 Extra"]
[Source "ChessBase"]
[SourceDate "2002.11.07"]
[SourceVersion "1"]
[SourceVersionDate "2002.11.07"]
[SourceQuality "1"]

1. e4 c5 2. Nc3 Nc6 3. f4 e6 4. Nf3 d5 5. Bb5 Nf6 6. Qe2 Be7 7. Bxc6+ bxc6 8. b3 0-0 9. 0-0 a5 10. e5 Nd7 11. Qf2 Ba6 12. d3 Qc7 13. Ba3 Bb5 14. Ne2 a4 15. Ng3 f5 16. h4 h6 17. Ne2 Rf7 18. h5 Qd8 19. Nh2 Qf8 20. Kh1 Qe8 21. Rg1 c4 22. Bxe7 cxd3 23. cxd3 Rxe7 24. Qf3 Nc5 25. d4 Ne4 26. g4 axb3 27. gxf5 b2 28. Rad1 Bxe2 29. Qxe2 Nc3 30. Qxb2 Nxd1 31. Rxd1 Qxh5 32. Qc2 exf5 33. Rd3 Rc7 34. Kg2 Rca7 35. Rd2 Ra3 36. Qxc6 Qh3+ 37. Kh1 Rb8 38. Qxd5+ Kh7 39. Rg2 Rg3 40. Kg1 Rb2 0-1